<?xml version="1.0" encoding="UTF-8"?>
<record
    xmlns:xsi="http://www.w3.org/2001/XMLSchema-instance"
    xsi:schemaLocation="http://www.loc.gov/MARC21/slim http://www.loc.gov/standards/marcxml/schema/MARC21slim.xsd"
    xmlns="http://www.loc.gov/MARC21/slim">

  <leader>01185nam a2200361 a 4500</leader>
  <controlfield tag="001">000028776</controlfield>
  <controlfield tag="003">DO-SdBNP</controlfield>
  <controlfield tag="005">20180130102151.0</controlfield>
  <controlfield tag="007">000028776</controlfield>
  <controlfield tag="008">110412s2011   dr ac         000 p spa d</controlfield>
  <datafield tag="020" ind1=" " ind2=" ">
    <subfield code="a">9789945429046</subfield>
  </datafield>
  <datafield tag="040" ind1=" " ind2=" ">
    <subfield code="a">BPMSU</subfield>
    <subfield code="b">spa</subfield>
    <subfield code="c">BPMSU</subfield>
  </datafield>
  <datafield tag="082" ind1=" " ind2="4">
    <subfield code="a">RD861.408</subfield>
    <subfield code="b">F996s</subfield>
  </datafield>
  <datafield tag="245" ind1="0" ind2="1">
    <subfield code="a">El futuro sonriendo nos espera :</subfield>
    <subfield code="b">poes&#xED;a dominicana /</subfield>
    <subfield code="c">Juan Antonio Alix...[et al.] ; selecci&#xF3;n y notas de Jos&#xE9; Enrique Garc&#xED;a </subfield>
  </datafield>
  <datafield tag="250" ind1=" " ind2=" ">
    <subfield code="a">2a. ed</subfield>
  </datafield>
  <datafield tag="260" ind1=" " ind2=" ">
    <subfield code="a">Santo Domingo :</subfield>
    <subfield code="b">Santillana,</subfield>
    <subfield code="c">2011</subfield>
  </datafield>
  <datafield tag="300" ind1=" " ind2=" ">
    <subfield code="a">210 p. :</subfield>
    <subfield code="b">il., retrs. ;</subfield>
    <subfield code="c">22 cm.</subfield>
  </datafield>
  <datafield tag="490" ind1="1" ind2=" ">
    <subfield code="a">Alfaguara juvenil</subfield>
  </datafield>
  <datafield tag="504" ind1=" " ind2=" ">
    <subfield code="a">Bibliograf&#xED;a : p. 207-210</subfield>
  </datafield>
  <datafield tag="650" ind1=" " ind2="4">
    <subfield code="a">POES&#xCD;A JUEVENIL DOMINICANA</subfield>
    <subfield code="x">COLECCIONES</subfield>
  </datafield>
  <datafield tag="650" ind1=" " ind2="4">
    <subfield code="a">LITERATURA JUVENIL DOMINICANA</subfield>
  </datafield>
  <datafield tag="700" ind1="1" ind2="2">
    <subfield code="a">Garc&#xED;a, Jos&#xE9; Enrique,</subfield>
    <subfield code="d">1948-</subfield>
  </datafield>
  <datafield tag="700" ind1="1" ind2="2">
    <subfield code="a">Alix, Juan Antonio,</subfield>
    <subfield code="d">1833-1918</subfield>
  </datafield>
  <datafield tag="830" ind1=" " ind2="0">
    <subfield code="a">Alfaguara juvenil</subfield>
  </datafield>
  <datafield tag="910" ind1=" " ind2=" ">
    <subfield code="a">Validado. Control de calidad EMS.</subfield>
  </datafield>
  <datafield tag="930" ind1=" " ind2="1">
    <subfield code="l"> </subfield>
    <subfield code="m"> </subfield>
    <subfield code="h"> </subfield>
    <subfield code="8"> </subfield>
    <subfield code="f"> </subfield>
    <subfield code="p"> </subfield>
    <subfield code="g"> </subfield>
  </datafield>
  <datafield tag="930" ind1=" " ind2="1">
    <subfield code="l"> </subfield>
    <subfield code="m"> </subfield>
    <subfield code="h"> </subfield>
    <subfield code="8"> </subfield>
    <subfield code="f"> </subfield>
    <subfield code="p"> </subfield>
    <subfield code="g"> </subfield>
    <subfield code="h"> </subfield>
  </datafield>
  <datafield tag="942" ind1=" " ind2=" ">
    <subfield code="2">ddc</subfield>
    <subfield code="c">BK</subfield>
  </datafield>
  <datafield tag="945" ind1=" " ind2=" ">
    <subfield code="a">Inventariado juvenil dom / 2017 VM</subfield>
  </datafield>
  <datafield tag="952" ind1=" " ind2=" ">
    <subfield code="0">0</subfield>
    <subfield code="1">0</subfield>
    <subfield code="2">ddc</subfield>
    <subfield code="4">0</subfield>
    <subfield code="7">0</subfield>
    <subfield code="8">CJ-D</subfield>
    <subfield code="a">BPMET</subfield>
    <subfield code="b">BPMET</subfield>
    <subfield code="d">2015-02-04</subfield>
    <subfield code="e">ALFAGUARA</subfield>
    <subfield code="l">0</subfield>
    <subfield code="o">RD861.408  F996s</subfield>
    <subfield code="p">BPMSU15041053</subfield>
    <subfield code="r">2015-02-04</subfield>
    <subfield code="w">2015-02-04</subfield>
    <subfield code="y">BK</subfield>
  </datafield>
  <datafield tag="952" ind1=" " ind2=" ">
    <subfield code="0">0</subfield>
    <subfield code="1">0</subfield>
    <subfield code="2">ddc</subfield>
    <subfield code="4">0</subfield>
    <subfield code="7">0</subfield>
    <subfield code="8">CJ-D</subfield>
    <subfield code="a">BPMET</subfield>
    <subfield code="b">BPMET</subfield>
    <subfield code="d">2015-02-04</subfield>
    <subfield code="e">ALFAGUARA</subfield>
    <subfield code="l">0</subfield>
    <subfield code="o">RD861.408  F996s</subfield>
    <subfield code="p">BPMSU15041054</subfield>
    <subfield code="r">2015-02-04</subfield>
    <subfield code="t">e. 2</subfield>
    <subfield code="w">2015-02-04</subfield>
    <subfield code="y">BK</subfield>
  </datafield>
  <datafield tag="952" ind1=" " ind2=" ">
    <subfield code="0">0</subfield>
    <subfield code="1">0</subfield>
    <subfield code="2">ddc</subfield>
    <subfield code="4">0</subfield>
    <subfield code="7">0</subfield>
    <subfield code="8">CJ-D</subfield>
    <subfield code="a">BPMET</subfield>
    <subfield code="b">BPMET</subfield>
    <subfield code="d">2015-02-04</subfield>
    <subfield code="e">ALFAGUARA</subfield>
    <subfield code="l">0</subfield>
    <subfield code="o">BPMSU CJG RD861.408  F996s</subfield>
    <subfield code="p">BPMSU26050048</subfield>
    <subfield code="r">2026-05-08</subfield>
    <subfield code="t">e. 3</subfield>
    <subfield code="w">2015-02-04</subfield>
    <subfield code="y">BK</subfield>
  </datafield>
  <datafield tag="956" ind1=" " ind2=" ">
    <subfield code="a"> </subfield>
    <subfield code="b"> </subfield>
    <subfield code="c"> </subfield>
    <subfield code="l"> </subfield>
    <subfield code="h"> </subfield>
  </datafield>
  <datafield tag="956" ind1=" " ind2=" ">
    <subfield code="a">VMATEO</subfield>
    <subfield code="b">10</subfield>
    <subfield code="c">20110413</subfield>
    <subfield code="l">BPMSU</subfield>
    <subfield code="h">1410</subfield>
  </datafield>
  <datafield tag="956" ind1=" " ind2=" ">
    <subfield code="a"> </subfield>
    <subfield code="b">  </subfield>
    <subfield code="c"> </subfield>
    <subfield code="l"> </subfield>
    <subfield code="h"> </subfield>
  </datafield>
  <datafield tag="999" ind1=" " ind2=" ">
    <subfield code="c">7336</subfield>
    <subfield code="d">7336</subfield>
  </datafield>
</record>
